000 00451nam a22001817a 4500
005 20260113095241.0
008 260113b |||||||| |||| 00| 0 eng d
020 _a978-0-262-03561-3
050 _aQA 325.5.G66 2016
100 _aGOODFELLOW IAN
245 _aDEEP LEARNING
260 _aLONDON
_bMIT PRESS
_c2016
300 _aC,776
500 _aINCLUDES AN INDEX
650 _aMachine learning
700 _aBENGIO YOSHUA
942 _2lcc
_cBK
999 _c216452
_d216452